| 000 | 00382nam a22001337a 4500 | ||
|---|---|---|---|
| 999 |
_c19466 _d19466 |
||
| 008 | 240301b ||||| |||| 00| 0 eng d | ||
| 020 | _a9780349434834 | ||
| 082 |
_aDFic _bR541 2022 |
||
| 100 |
_aRoberts, Nora. _942215 |
||
| 245 |
_aSea swept / _cNora Roberts. |
||
| 260 |
_aUnited States : _bPiatkus, _c©2022. |
||
| 300 |
_a359 pages : _billustrations ; _c18 cm. |
||
| 942 |
_2ddc _cDFIC |
||